Score 0/22 Timer 10:00
1 Play Today
% Correct
Tyrion
95.4%
Jon Snow
95.2%
Daenerys Stormborn
94.9%
Arya
94.6%
Ned
93.5%
Lyanna
93.3%
Robb
93%
Stannis
93%
Joffrey
92.7%
Loras Tyrell
92.7%
Varys
92.6%
% Correct
Aemon Targaryen
91.9%
Davos Seaworth
91.1%
The Mad King
91.1%
Bronn
90.1%
Lord Baelish
90.1%
Jaqen H'ghar
89.2%
Robert
89%
Theon
86.2%
Mago
85.4%
Jon Arryn
82%
Yoren
81.8%
Remove Ads.
Support Sporcle.
Get the best of Sporcle when you Go Orange. This ad-free experience offers more features, more stats, and more fun while also helping to support Sporcle. Thank you for becoming a member.

You're not logged in!

Compare scores with friends on all Sporcle quizzes.
OR
Log In

Sporcle TV

Today on Sporcle TV


Watch our educational content, quiz creation guides, and fun videos on Sporcle TV.

Show Comments

Extras

Top Quizzes Today


Score Distribution

Paid Content

Your Account Isn't Verified!

In order to create a playlist on Sporcle, you need to verify the email address you used during registration. Go to your Sporcle Settings to finish the process.

Report this User

Report this user for behavior that violates our Community Guidelines.

Details: